LEADER 01684nam--2200433---450- 001 990003106580203316 005 20090908123608.0 010 $a978-88-14-12770-0 035 $a000310658 035 $aUSA01000310658 035 $a(ALEPH)000310658USA01 035 $a000310658 100 $a20080513d2008----km-y0itay50------ba 101 $aita 102 $aIT 105 $a||||||||001yy 200 1 $aCodice dell'Unione europea$eil trattato sull'Unione europea e il trattato istitutivo della Comunità europea modificati dai trattati di Maastricht, di Amsterdam e di Nizza e dai trattati di adesione, con annotazioni di giurisprudenza della corte di giustizia e del tribunale di primo grado$f[a cura di] Alfredo Rizzo e Francesco M. Di Majo$ei documenti rilevanti 205 $a3. ed.$fcurata da Alfredo Rizzo e Francesco M. Di Majo 210 $aMilano$cGiuffrè$d2008 215 $aXLVI, 1457 p.$d25 cm 225 2 $a<> Codici Giuffrè annotati con la giurisprudenza 410 0$12001$a<> Codici Giuffrè annotati con la giurisprudenza 454 1$12001 461 1$1001-------$12001 606 0 $aUnione europea$xOrdinamento 676 $a341.2422026 702 1$aFERRARI BRAVO,$bLuigi 702 1$aRIZZO,$bAlfredo 710 02$aUnione europea$0361259 801 0$aIT$bsalbc$gISBD 912 $a990003106580203316 951 $aXXIII.4.A 62 (CODEX 756 A)$b59448 G.$cXXIII.4.A 62 (CODEX)$d00062107 959 $aBK 969 $aGIU 979 $aFIORELLA$b90$c20080513$lUSA01$h1709 979 $aRSIAV2$b90$c20090908$lUSA01$h1236 979 $aCHIARA$b90$c20101001$lUSA01$h1053 996 $aCodice dell'Unione europea$9191770 997 $aUNISA LEADER 02031nas 2200565-a 450 001 9910263058103321 005 20240112213020.0 011 $a1523-5890 035 $a(DE-599)ZDB2070873-7 035 $a(OCoLC)38540568 035 $a(CKB)110975955581284 035 $a(CONSER)sn-99003287- 035 $a(EXLCZ)99110975955581284 100 $a19980303a19929999 o-- a 101 0 $aeng 135 $aur||||||||||| 181 $ctxt$2rdacontent 182 $cc$2rdamedia 183 $acr$2rdacarrier 200 00$aBilingual research journal 210 1$a[Washington, D.C.] :$c[National Association for Bilingual Education],$d[1992]- 210 31$a[Philadelphia, PA ] :$cRoutledge, Taylor & Francis Group 215 $a1 online resource 300 $aRefereed/Peer-reviewed 311 $a1523-5882 517 1 $aBRJ 517 1 $aBRJ online 531 $aBILINGUAL RESEARCH JOURNAL 531 0 $aBiling. res. j. 606 $aEducation, Bilingual$zUnited States$vPeriodicals 606 $aMinorities$xEducation$zUnited States$vPeriodicals 606 $aLanguages, Modern$xStudy and teaching$zUnited States$vPeriodicals 606 $aEducation, Bilingual$2fast$3(OCoLC)fst00902886 606 $aLanguages, Modern$xStudy and teaching$2fast$3(OCoLC)fst00992480 606 $aMinorities$xEducation$2fast$3(OCoLC)fst01023119 607 $aUnited States$2fast$1https://id.oclc.org/worldcat/entity/E39PBJtxgQXMWqmjMjjwXRHgrq 608 $aPeriodicals.$2fast 615 0$aEducation, Bilingual 615 0$aMinorities$xEducation 615 0$aLanguages, Modern$xStudy and teaching 615 7$aEducation, Bilingual. 615 7$aLanguages, Modern$xStudy and teaching. 615 7$aMinorities$xEducation. 676 $a371 712 02$aNational Association for Bilingual Education (U.S.), 712 02$aSouthwest Center for Education Equity and Language Diversity, 906 $aJOURNAL 912 $a9910263058103321 996 $aBilingual research journal$92394136 997 $aUNINA